Guía técnica para el muestreo del concreto estructural en estado fresco y el aseguramiento de las mediciones en ensayos de resistencias a la compresión
Збережено в:
| Автор: | |
|---|---|
| Формат: | Книга |
| Мова: | Spanish |
| Опубліковано: |
[San José], Costa Rica
2016
|
| Предмети: | |
| Теги: |
Додати тег
Немає тегів, Будьте першим, хто поставить тег для цього запису!
|
MARC
| LEADER | 00000nam a22000007a 4500 | ||
|---|---|---|---|
| 003 | 012460 | ||
| 005 | 20221231144117.0 | ||
| 008 | 160914b2016 cr a|||| |||| 00| ||spa d | ||
| 040 | |c cru CEDI | ||
| 090 | |a TFG 7617 | ||
| 100 | |9 5313 |a Gómez Bonilla, Pamela | ||
| 245 | |a Guía técnica para el muestreo del concreto estructural en estado fresco y el aseguramiento de las mediciones en ensayos de resistencias a la compresión | ||
| 260 | |a [San José], Costa Rica |c 2016 | ||
| 300 | |a xii,144, [82 ]hojas; ilustraciones a color | ||
| 500 | |a Proyecto de graduación (licenciatura en ingeniería civil)--Universidad de Costa Rica. Facultad de Ingeniería. Escuela de Ingeniería Civil | ||
| 650 | |x RESISTENCIA DE MATERIALES |x CONSTRUCCIONES DE HORMIGON ARMADO |x HORMIGON ARMADO |x HORMIGON ARMADO - PRUEBAS - EVALUACION |9 5314 | ||
| 942 | |c TFG | ||
| 999 | |c 17040 |d 17040 | ||
